| 000 | 00597nam a22001697a 4500 | ||
|---|---|---|---|
| 999 |
_c23525 _d23525 |
||
| 003 | BDDh-ASL | ||
| 005 | 20231015030243.0 | ||
| 008 | 210327s1958 ii ||||| |||| 00| 0 eng d | ||
| 040 |
_aBDDh-ASL _cBDDh-ASL |
||
| 082 |
_a930.1 _bPRO |
||
| 110 |
_93554 _aKannada Research Institute, Dharwar. |
||
| 245 | 0 | 0 | _aProgress Reports of the Kannada Research Institute for 1953-57 / |
| 260 |
_aDharwar: _bKannada Research Institute, _c1958. |
||
| 300 |
_a77 p. : _bplates; _c26 cm. |
||
| 650 | 0 |
_aArchaeology, প্রত্নতত্ত্ব Pratnatattba _xReports _zKannada _91567 |
|
| 942 |
_2ddc _cBK |
||